Cursos de actualización en educación artística (Record no. 65446)
[ view plain ]
| 000 -CABECERA | |
|---|---|
| campo de control de longitud fija | 00509nam a2200181 a 4500 |
| 005 - FECHA Y HORA DE LA ÚLTIMA TRANSACCIÓN | |
| campo de control | 20210219153001.0 |
| 008 - ELEMENTOS DE LONGITUD FIJA--INFORMACIÓN GENERAL | |
| campo de control de longitud fija | 991125n 000 0 u |
| 035 ## - NÚMERO DE CONTROL DEL SISTEMA | |
| Número de control de sistema | UPN01000070589 |
| 222 ## - TÍTULO CLAVE | |
| Título clave | COMUNICACION EDUCATIVA SEP |
| 245 ## - MENCIÓN DE TÍTULO | |
| Título | Cursos de actualización en educación artística |
| 300 ## - DESCRIPCIÓN FÍSICA | |
| Extensión | 11 |
| 362 ## - FECHAS DE PUBLICACIÓN Y/O DESIGNACIÓN SECUENCIAL | |
| Fecha de publicación y/o designación secuencial | 1983 Año 1, no. <3=03> jul. |
| 653 0# - TERMINO DE INDIZACION - NO CONTROLADO | |
| Término no controlado | ACTUALIZACION ACADEMICA |
| 653 0# - TERMINO DE INDIZACION - NO CONTROLADO | |
| Término no controlado | CURSOS DE ACTUALIZACION |
| 653 0# - TERMINO DE INDIZACION - NO CONTROLADO | |
| Término no controlado | EDUCACION ARTISTICA |
| 904 ## - ELEMENTOS DE DATOS D LOCAL, LDD (RLIN) | |
| a | AC |
| b | 008400 |
| 905 ## - TIPO DE MATERIAL | |
| Tipo de material | Articulo |
No items available.
